Riconosci l'Anno dagli eventi - Quiz n°536 - Statistics

Statistiche generali
  • Questo quiz è stato fatto 6 volte
  • Il punteggio medio è 9 su 11
Statistiche sulle risposte
Indizio Risposta % Corretto
C 16 maggio - Nei pressi di Raphana, Eliogabalo è acclamato imperatore romano dalle truppe della Legio II Parthica del legato Publio Valerio Comazone Eutichiano, in opposizione all'imperatore in carica Macrino.
100%
A 1º gennaio - Macrino e Marco Oclatinio Avvento consoli (entrambi per la seconda volta); dopo la morte di Macrino Eliogabalo gli subentra al consolato.
100%
H 17 maggio - Settimo passaggio registrato della cometa di Halley al perielio.
83%
I 29 maggio - Incisione dell'iscrizione che conserva l'unica copia conservatasi del Carmen Arvale.
83%
D 8 giugno - Battaglia di Antiochia: l'imperatore Macrino viene sconfitto dall'esercito di Eliogabalo, guidato dall'eunuco Gannys.
83%
B Diadumeniano, figlio dell'Imperatore Romano Macrino, è acclamato Augusto, quindi Co-Imperatore.
83%
F Eliogabalo uccide di propria mano Gannys, reo di obbligarlo a vivere con moderazione
83%
L Fileto succede ad Asclepiade come vescovo di Antiochia.
83%
E Giugno - Il co-imperatore Diadumeniano scappa cercando rifugio da Artabano IV re dei Parti, ma è catturato e giustiziato insieme al padre Macrino.
83%
G Tito Messio Estricato e Antiochiano sono nominati prefetti del pretorio.
83%
Anno 218
17%
Nessun quiz corrispondente trovato
Distribuzione punteggi
Percentuale di utenti per punteggio
Percentile per numero di risposta
I tuoi punteggi nel tempo
Non hai fatto questo quiz